01216nam a2200325 i 450000500170000000700030001700800410002002000180006104000350007904100130011408400110012710000450013824500990018325000230028226400490030530000640035433600270041833700330044533800280047852100610050653400380056760000370060565000520064265000510069465000290074565000280077465000240080265000280082670000360085420220317002046.0ta201105s2016 ck a|||b |||| 00| j spa d a9789585949454 aCO-BoRNBPbspacCO-BoRNBPerda0 aspahdut aC HAE11 aHaeringen, Annemarie Van d1959-eautor 10aCocobo el pequeño vestido negrocAnnemarie van Haeringen ; traducción de Cisca Corduwener aPrimera edición  1aBogotá :btaller de Edición Roccac2016. a24 páginas sin numerar bilustraciones en color c26 cm  2rdacontentatextobtxt 2rdamediaasin mediaciónbn 2rdacarrieravolumenbnc aRecomendado para un público infantil mayor de 9 años tCoco of het kleine zwarte jurkje 14aChanel, Cocod1883-1971vCuentos172LEMBaCuentos infantiles holandeses ySiglo XXI172LEMBaLiteratura infantil holandesaySiglo XXI172LEMBaAutores holandeses172LEMBaNiñas vCuentos172LEMBaModavCuentos172LEMBaBordado vCuentos1 aCorduwener, Cisca etraductora